00647cam a2200217 4500001001300000003000400013005001700017008004100034010002300075025001900098040001800117041001100135050001900146110002600165245008900191250001300280260001900293300004700312650005300359999001700412sa 68018833 DLC20260227112715.0710929s1966 pk 00000 eng  asa 68018833 //r912 aPL480:P-E-1033 aDLCcDLCdDLC1 aengmul00aPK5461.A1bA3720aAfro-Asian Book Club.10aUnder the green canopy;bselections from contemporary creative writings of Pakistan. a[1st ed.1 aLahore,c1966] a308 p. (p. 289-308 advertisements)c19 cm. 0aPakistani literaturexTranslations into English. c88672d88672